|
|
|
|
| LEADER |
00000nam a2200000 a 4500 |
| 005 |
20110706103539.0 |
| 008 |
100322s2010 sp 000 0 spa c |
| 017 |
|
|
|a DL M. 1151-2010
|
| 020 |
|
|
|a 9788498498424
|
| 035 |
|
|
|a 5340
|
| 040 |
|
|
|d vLex
|
| 080 |
|
|
|a 342.717(460)
|
| 090 |
|
|
|c 2174
|d 2174
|
| 100 |
1 |
|
|a Martn̕ Sanz, Luis-Vidal de
|
| 245 |
1 |
0 |
|a Prc̀tica contencioso-administrativa en materia de extranjera̕ /
|c Luis-Vidal de Martn̕ Sanz
|h [Recurso electrn̤ico]
|
| 256 |
|
|
|a Servicio en ln̕ea.
|
| 260 |
|
|
|a Madrid :
|b Dykinson,
|c DL 2010
|
| 300 |
|
|
|a 197 p. ;
|c 24 cm
|
| 500 |
|
|
|a En la portada: incluye jurisprudencia y formularios
|
| 500 |
|
|
|a En la cubierta: adaptado a la LO 1/2009 y Ley 13/2009 sobre Nueva Oficina Judicial
|
| 506 |
1 |
|
|a Contenido solo disponible en los productos indicados
|d vLex Global
|d vLex Global (Academic Edition, excluding Law Schools)
|d vLex Global (U.S. Academic Edition, Law Schools)
|d vLex Global (U.S. Academic Edition, excluding Law Schools)
|d vLex Global (Academic Edition, Law Schools)
|
| 650 |
0 |
7 |
|a Extranjeros
|2 Tesauro vLex
|
| 650 |
0 |
7 |
|a Proceso contencioso administrativo
|2 Tesauro vLex
|
| 650 |
0 |
7 |
|a Jurisdiccin̤ contencioso administrativa
|2 Tesauro vLex
|
| 650 |
0 |
7 |
|2 Tesauro vLex
|a Derechos de los extranjeros
|
| 740 |
0 |
|
|a vLex Libros (Servicio en ln̕ea)
|
| 856 |
4 |
0 |
|u http://vlex.com/source/practica-contencioso-administrativa-extranjeria-5340
|z Acceso restringido
|
| 942 |
|
|
|c BOOK
|